000 01114 a2200241 4500
003 Nust
005 20220720100638.0
010 _a 2005040291
020 _a0805852913 (alk. paper)
040 _cNust
082 0 0 _a004.019,COG
245 0 0 _aCognitive systems :
_bhuman cognitive models in systems design /
_cedited by Chris Forsythe, Michael L. Bernard, Timothy E. Goldsmith.
260 _aMahwah, N.J. :
_bL. Erlbaum Associates,
_cc2006.
300 _ax, 314 p. :
_bill. ;
_c23 cm.
505 _aPART ONE: Introduction (Page-1), PART TWO: Theoretical and Empirical Basis for Congnitive System (Page-37), PART THREE: Illustration of Cognitive Systems (Page-137), PART FOUR: Topics in Cognitive Systems (Page-259).
650 0 _aHuman-computer interaction.
700 1 _aBernard, Michael L.
_993964
700 1 _aForsythe, Chris.
_993965
700 1 _aGoldsmith, Timothy E.
_993966
856 4 2 _3Publisher description
_uhttp://www.loc.gov/catdir/enhancements/fy0623/2005040291-d.html
856 4 2 _3Table of contents only
_uhttp://www.loc.gov/catdir/enhancements/fy0623/2005040291-t.html
942 _cREF
_2ddc
999 _c176807
_d176807